[Event "Chigorin Memorial 27th"]
[Site "St Petersburg"]
[Date "2019.10.10"]
[Round "6"]
[White "Gorodnichev, Alexey"]
[Black "Karmanova, Olga Dm"]
[Result "0-1"]
[WhiteElo "1797"]
[BlackElo "1768"]
[PlyCount "120"]
[EventDate "2019.10.05"]
[EventType "swiss"]
[EventRounds "9"]
[EventCountry "RUS"]
[SourceTitle "EXT 2020"]
[Source "ChessBase"]
[SourceDate "2019.10.17"]
[SourceVersion "1"]
[SourceVersionDate "2019.10.17"]
[SourceQuality "1"]

1. Nf3 c5 2. e4 a6 3. b4 cxb4 4. d4 e6 5. Bd3 d5 6. e5 Nc6 7. 0-0 Qb6 8. Be3 f6 9. Nh4 Qc7 10. Qh5+ Qf7 11. Bg6 hxg6 12. Qxh8 fxe5 13. Nf3 Bd6 14. dxe5 Nxe5 15. Ng5 Qf8 16. Nh7 Nf7 17. Nxf8 Nxh8 18. Nh7 Be5 19. c3 bxc3 20. Na3 b5 21. f4 Bb8 22. Nb1 b4 23. a3 Ba7 24. Bxa7 Rxa7 25. axb4 Rc7 26. Na3 Nf6 27. Ng5 Ke7 28. Nc2 Nf7 29. Nf3 Ne4 30. Rfd1 Kf8 31. Ncd4 Kg8 32. Rdc1 Kh7 33. Ra3 Nfd6 34. Ne2 Nb5 35. Rb3 e5 36. fxe5 Bg4 37. Ned4 Nd2 38. Nxb5 Nxb3 39. Rxc3 Rxc3 40. Nxc3 d4 41. Ne4 d3 42. Nfd2 Nxd2 43. Nxd2 g5 44. Kf2 Kg6 45. Ke3 Kf5 46. Kd4 Bh5 47. Nc4 Be2 48. Kd5 g4 49. g3 Kg6 50. e6 Bd1 51. Ne5+ Kf6 52. Kd6 d2 53. e7 Ba4 54. Nxg4+ Kf7 55. Ne3 Ke8 56. h4 d1Q+ 57. Nxd1 Bxd1 58. Ke6 Be2 59. Kd6 Bg4 60. Kc5 Kxe7 0-1

[Event "Voronezh op-B 22nd"]
[Site "Voronezh"]
[Date "2018.06.20"]
[Round "9"]
[White "Gorodnichev, Alexey"]
[Black "Yudin, Sergei"]
[Result "0-1"]
[WhiteElo "1949"]
[BlackElo "1699"]
[PlyCount "42"]
[EventDate "2018.06.12"]
[EventType "swiss"]
[EventRounds "9"]
[EventCountry "RUS"]
[SourceTitle "CBM 185 Extra"]
[Source "ChessBase"]
[SourceDate "2018.07.29"]
[SourceVersion "1"]
[SourceVersionDate "2018.07.29"]
[SourceQuality "1"]

1. e4 e6 2. c4 d5 3. cxd5 exd5 4. exd5 Nf6 5. Nc3 Nxd5 6. Bc4 Nb6 7. Bb3 Be7 8. Nge2 0-0 9. 0-0 Nc6 10. d4 Bf5 11. Be3 Bf6 12. a3 Re8 13. Qd2 Na5 14. Ba2 Nac4 15. Qc1 Bg6 16. Bf4 Bd3 17. Re1 Bxd4 18. Nxd4 Rxe1+ 19. Qxe1 Qxd4 20. Bxc7 Nxb2 21. Be5 Qd7 0-1

[Event "Voronezh op-B 22nd"]
[Site "Voronezh"]
[Date "2018.06.17"]
[Round "6"]
[White "Neklyudov, Taras"]
[Black "Gorodnichev, Alexey"]
[Result "1/2-1/2"]
[WhiteElo "1876"]
[BlackElo "1949"]
[PlyCount "40"]
[EventDate "2018.06.12"]
[EventType "swiss"]
[EventRounds "9"]
[EventCountry "RUS"]
[SourceTitle "CBM 185 Extra"]
[Source "ChessBase"]
[SourceDate "2018.07.29"]
[SourceVersion "1"]
[SourceVersionDate "2018.07.29"]
[SourceQuality "1"]

1. e4 e6 2. d4 d5 3. Nd2 dxe4 4. Nxe4 Nd7 5. Nf3 Ngf6 6. Nxf6+ Nxf6 7. Be3 Bd6 8. Bd3 b6 9. Qe2 Bb7 10. 0-0-0 Qe7 11. Kb1 0-0-0 12. c4 c5 13. dxc5 Bxc5 14. Bxc5 Qxc5 15. Ne5 Rhf8 16. f4 Nd7 17. Nf3 Qc7 18. g3 Nc5 19. Bc2 a5 20. Rhe1 h6 1/2-1/2

[Event "Voronezh op-B 22nd"]
[Site "Voronezh"]
[Date "2018.06.13"]
[Round "2"]
[White "Kolomensky, Vladimir"]
[Black "Gorodnichev, Alexey"]
[Result "1-0"]
[WhiteElo "2120"]
[BlackElo "1949"]
[PlyCount "81"]
[EventDate "2018.06.12"]
[EventType "swiss"]
[EventRounds "9"]
[EventCountry "RUS"]
[SourceTitle "CBM 185 Extra"]
[Source "ChessBase"]
[SourceDate "2018.07.29"]
[SourceVersion "1"]
[SourceVersionDate "2018.07.29"]
[SourceQuality "1"]

1. e4 e6 2. d4 d5 3. Nd2 dxe4 4. Nxe4 Nd7 5. g3 Ngf6 6. Nxf6+ Nxf6 7. Bg2 c5 8. Nf3 cxd4 9. Qxd4 Qxd4 10. Nxd4 Bd6 11. Nb5 Bb8 12. Be3 a6 13. Na3 Bc7 14. Nc4 Nd5 15. Bc5 b5 16. Ne3 Bb7 17. Nxd5 Bxd5 18. Bxd5 exd5 19. 0-0-0 0-0-0 20. Rhe1 Rd7 21. a4 Kb7 22. Re3 h5 23. axb5 axb5 24. Bd4 Rg8 25. Rb3 Kc6 26. Rdd3 Ba5 27. Ra3 Bb4 28. Ra6+ Kc7 29. Rb3 Bd6 30. Rxb5 Rb8 31. Rxb8 Kxb8 32. Rxd6 Rxd6 33. Be5 Kc7 34. Kd2 Kc6 35. Bxd6 Kxd6 36. Kd3 Kc5 37. c3 g5 38. b4+ Kd6 39. f4 g4 40. Kd4 Kc6 41. Ke5 1-0

[Event "Gibraltar Challengers-B 13th"]
[Site "Caleta"]
[Date "2015.02.03"]
[Round "4"]
[White "Erdelyi, Tamas"]
[Black "Gorodnichev, Alexey"]
[Result "1/2-1/2"]
[WhiteElo "2128"]
[BlackElo "1951"]
[PlyCount "40"]
[EventDate "2015.01.31"]
[EventType "swiss"]
[EventRounds "5"]
[EventCountry "GGB"]
[SourceTitle "CBM 164 Extra"]
[Source "ChessBase"]
[SourceDate "2015.03.02"]
[SourceVersion "1"]
[SourceVersionDate "2015.03.02"]
[SourceQuality "1"]

1. c4 Nf6 2. Nf3 e6 3. g3 d5 4. Bg2 c6 5. b3 g6 6. Bb2 Bg7 7. 0-0 0-0 8. Qc2 Nbd7 9. d3 b6 10. e4 dxe4 11. dxe4 Qe7 12. h3 e5 13. Nbd2 a5 14. a3 Bb7 15. b4 c5 16. b5 Rfe8 17. Rfe1 Nf8 18. Nb1 N6d7 19. Nc3 Ne6 20. Nd5 Qd6 1/2-1/2